000 00351nam a22001457a 4500
008 210426b ||||| |||| 00| 0 eng d
020 _a9780176224608
041 _aeng
080 _23rd
_a338
082 _a338
100 _a53
101 _aMEN
245 _aManaging Performance Through Training and Development
_cAlan M. Saks
942 _2udc
_cBK
999 _c56724
_d56724